عرض عادي
عرض مارك
- الأشغال العامة
مدخل مصطلح موضوعي
001 - رقم الضبط
- حقل الضبط: 15546
003 - معرف رقم الضبط
- حقل الضبط: OSt
005 - تاريخ ووقت أخر عملية
- حقل الضبط: 20120606105954.0
008 - عناصر بيانات ثابتة الطول
- حقل تحكم ثابت الطول: 120606|||a|||||| | ||| d
040 ## - مصدر الفهرسة
- هيئة الفهرسة الأصلية: OSt
- وكالة الكتابة: OSt
150 ## - مدخل-- مصطلح تاريخي
- عنصر مدخل المصطلح الموضوعي او الاسم الجغرافي: الأشغال العامة
- تفريع عام: إدارة
670 ## - بيانات المصدر موجوده
- الاستشهاد بالمصدر: Work cat.: (OSt): الخرس، محمد بن جواد. 15544, مشروعات البنية التحتية من خلال نظام البناء والتشغيل، ونقل الملكية (BOT) :, 2012
